Statistics for Countries of the world : biggest difference between most guessed and most populous

Click here to take the quiz!

General Stats

  • This quiz has been taken 8 times
  • The average score is 88 of 196

Answers on the Map

Answers color-coded by a green-red scale on the quiz's map according to % correct below.
 

Answer Stats

Rank differenceHintName% Correct
153IIceland
100%
-7AAfghanistan
67%
33AAlbania
67%
-34AAlgeria
67%
49AAndorra
67%
-68AAngola
67%
1A...Antigua and Barbuda
67%
14AArgentina
67%
-3AArmenia
67%
43AAustralia
67%
43AAustria
67%
-52AAzerbaijan
67%
56BBahamas
67%
-7BBelarus
67%
28BBelgium
67%
-1BBrazil
67%
5BBulgaria
67%
35CCanada
67%
-32C...Central African Republic
67%
41CChile
67%
-3CChina
67%
-17CColombia
67%
49CCroatia
67%
44CCuba
67%
32CCyprus
67%
14C...Czech Republic
67%
78DDenmark
67%
-12DDjibouti
67%
-25D...Dominican Republic
67%
-26E...East Timor
67%
-7EEcuador
67%
-1EEgypt
67%
-19E...Equatorial Guinea
67%
-34EEritrea
67%
68EEstonia
67%
-62EEthiopia
67%
83FFinland
67%
14FFrance
67%
17GGeorgia
67%
3GGermany
67%
52GGreece
67%
-39G...Guinea-Bissau
67%
14HHaiti
67%
27HHungary
67%
-9IIndia
67%
104IIreland
67%
14IItaly
67%
56JJamaica
67%
-1JJapan
67%
-35KKenya
67%
-13KKiribati
67%
-51KKyrgyzstan
67%
63LLatvia
67%
44LLiechtenstein
67%
47LLithuania
67%
64LLuxembourg
67%
15MMacedonia
67%
26MMalta
67%
1M...Marshall Islands
67%
51MMonaco
67%
-10MMorocco
67%
-2NNauru
67%
-23NNepal
67%
29NNetherlands
67%
97N...New Zealand
67%
10NNiger
67%
94NNorway
67%
30OOman
67%
4PPoland
67%
18QQatar
67%
-7RRomania
67%
7RRussia
67%
-65RRwanda
67%
-5S...Saint Lucia
67%
28S...San Marino
67%
5SSerbia
67%
9S...South Africa
67%
-52S...South Sudan
67%
15SSpain
67%
68SSweden
67%
59SSwitzerland
67%
-61TTajikistan
67%
-2T...Trinidad and Tobago
67%
-7TTurkey
67%
-5TTurkmenistan
67%
-83UUganda
67%
-15UUkraine
67%
13U...United Arab Emirates
67%
14U...United Kingdom
67%
2U...United States
67%
77UUruguay
67%
-60UUzbekistan
67%
-12VVanuatu
67%
71V...Vatican City
67%
-17VVenezuela
67%
-29VVietnam
67%
-36YYemen
67%
-58ZZambia
67%
-24ZZimbabwe
67%
15BBarbados
33%
55BBelize
33%
21B...Bosnia and Herzegovina
33%
-11BBrunei
33%
-15CCambodia
33%
-12C...Cape Verde
33%
-17CChad
33%
27C...Costa Rica
33%
-54C...Cote d'Ivoire
33%
-34D...Democratic Republic of the Congo
33%
108DDominica
33%
11F...Federated States of Micronesia
33%
28FFiji
33%
-22GGambia
33%
-8GGrenada
33%
-41GGuatemala
33%
28GGuyana
33%
-2HHonduras
33%
-38IIndonesia
33%
-7IIran
33%
9IIraq
33%
44IIsrael
33%
9JJordan
33%
-3KKazakhstan
33%
-9KKosovo
33%
-7KKuwait
33%
-11LLebanon
33%
-11LLiberia
33%
44LLibya
33%
16MMadagascar
33%
5MMexico
33%
-12MMoldova
33%
95MMongolia
33%
12MMontenegro
33%
7NNamibia
33%
-4NNicaragua
33%
-57NNigeria
33%
21N...North Korea
33%
-33PPakistan
33%
-1PPalau
33%
73PPanama
33%
18P...Papua New Guinea
33%
46PParaguay
33%
7PPeru
33%
-48PPhilippines
33%
69PPortugal
33%
68R...Republic of the Congo
33%
3S...Saint Kitts and Nevis
33%
-13S...Saint Vincent and the Grenadines
33%
-18S...Sao Tome and Principe
33%
0S...Saudi Arabia
33%
-54S...Sierra Leone
33%
-7SSingapore
33%
27SSlovakia
33%
39SSlovenia
33%
0S...South Korea
33%
-5SSwaziland
33%
-10SSyria
33%
-39TTaiwan
33%
-24TThailand
33%
-48TTogo
33%
6TTonga
33%
-16TTunisia
33%
5TTuvalu
33%
-18BBahrain
0%
-98BBangladesh
0%
-85BBenin
0%
16BBhutan
0%
27BBolivia
0%
7BBotswana
0%
-113B...Burkina Faso
0%
-98BBurundi
0%
-93CCameroon
0%
-31CComoros
0%
-23EEl Salvador
0%
-26GGabon
0%
-59GGhana
0%
-56GGuinea
0%
17LLaos
0%
-13LLesotho
0%
-100MMalawi
0%
-28MMalaysia
0%
7MMaldives
0%
-48MMali
0%
-35MMauritania
0%
-15MMauritius
0%
-93MMozambique
0%
-77MMyanmar
0%
5SSamoa
0%
-80SSenegal
0%
11SSeychelles
0%
-18S...Solomon Islands
0%
9SSomalia
0%
-22SSri Lanka
0%
-25SSudan
0%
20SSuriname
0%
-90TTanzania
0%

Score Distribution

Percentile by Number Answered

Percent of People with Each Score

Your Score History

You have not taken this quiz